| 000 | 00327cam a22001217a 4500 | ||
|---|---|---|---|
| 008 | 180718b1976 xxu||||| |||| 00| 0 eng d | ||
| 082 | _aT111 B413 | ||
| 100 | _aBell, Daniel | ||
| 245 |
_aThe cultural contradictions of capitalism _cby Daniel Bell |
||
| 260 |
_aLondon _bHeinemann _c1976 |
||
| 300 | _a301p. | ||
| 650 | _aCapitalism | ||
| 999 |
_c341127 _d341127 |
||